005380000a22002410004500082002300000518001300023530000600036100002100042245002900063260003500092260001400127300001000141041000800151365001400159500002900173650002700202650001200229650001200241650001100253650001400264651001000278015000800288 aN915.426bT569kcN a20080527 aM aThapa, Rajeshwar aKanchanjunga itibritanta aLalitpurbE. Pemba Lama, Nepal c2064 B.S. a250p. aNep aRs.250.00 aBibliography: p. 247-250 aDescription and travel aHistory aCulture aNature aMountains aNepal aNNB